Normal view
MARC view
Entry Topical Term
001 - CONTROL NUMBER
- control field: 26288
003 - CONTROL NUMBER IDENTIFIER
- control field: OSt
005 - DATE AND TIME OF LATEST TRANSACTION
- control field: 20211230105035.0
008 - FIXED-LENGTH DATA ELEMENTS
- fixed length control field: 211230|| aca||aabn | a|a d
040 ## - CATALOGING SOURCE
- Original cataloging agency: OSt
- Transcribing agency: OSt
150 ## - HEADING--TOPICAL TERM
- Topical term or geographic name entry element: Symbiosis
670 ## - SOURCE DATA FOUND
- Source citation: Work cat.: (OSt)25210: Margulis, Lynn, 1938-2011. 26285, Symbiosis in cell evolution :, c1981.